000 00866nam a22002777a 4500
005 20240903092745.0
008 240903b |||||||| |||| 00| 0 eng d
020 _a9789393890160
040 _aIN-DiNC
_cIN-DiNC
041 _dasm
082 _a030
_bNIY
245 _aNiyog prastuti/
_ced. by Bijit Talukdar and others
250 _a25th ed.
260 _aGuwahati:
_bHD international educational publishers,
_c2024.
300 _a510p.
650 _aGuide book on State Level Recruitment Commissions Recruitment Examinations, 2024
650 _aADRE
700 _aTalukdar, Bijit
_eEditor
700 _aDutta, Anupam
_eEditor
700 _aRajbongshi, Hemanta
_eEditor
700 _aDebnath, Arabinda
_eEditor
700 _aChoudhury, Jayanta Kumar
_eEditor
700 _aKalita, Jadab Ch.
_eEditor
700 _aGogoi, Upen
_eEditor
942 _2ddc
_cBK
999 _c11928
_d11928